000 00523ntaaa2200205 4500
003 01
005 20251027201932.0
008 0714s1973 ag 01
040 _aAR-BaBN
_bspa
_cAR-BaBN
_eaacr
_dRIC
082 _a244.5000 Ow2
100 _aOwens, Loulie Latimer
_917918
245 _aSe dieron primeramente al SeƱor
250 _a1 ed.
260 _aEl Paso :
_bCasa Bautista de Publicaciones,
_c1964
300 _a16 p.
500 _auna drama
650 _aVida Cristiana
650 _aDramatización
942 _cBK
999 _c14067
_d14067